[Event "Open Marianske Lazne 2015 - C - open"]
[Site "Marianske Lazne CZE"]
[Date "2015.01.23"]
[Round "8.6"]
[White "Jiruse, Josef"]
[Black "Allory, Pierre-Jean"]
[Result "1-0"]
[WhiteElo "2045"]
[BlackElo "1848"]
[PlyCount "79"]
[EventDate "2015.01.17"]
[EventType "swiss"]
[EventRounds "9"]
[EventCountry "CZE"]
[Source "lmi"]
[SourceDate "2015.01.17"]

1. e4 e6 2. d3 d5 3. Nd2 Nf6 4. Ngf3 c5 5. g3 Nc6 6. Bg2 Be7 7. O-O O-O 8. Re1
b5 9. c3 Qb6 10. Nf1 Rd8 11. e5 Nd7 12. h4 Bb7 13. h5 h6 14. d4 cxd4 15. cxd4
Rdc8 16. Bf4 a5 17. Ne3 a4 18. Ng4 Bf8 19. Bf1 Nb4 20. Re2 Rc7 21. a3 Nc6 22.
Rc2 Rac8 23. Rac1 Ba6 24. Qd2 Na5 25. Nxh6+ gxh6 26. Bxh6 Bxh6 27. Qxh6 Rxc2
28. Rxc2 Rxc2 29. Bd3 Rc1+ 30. Kg2 Nf8 31. Qf6 Nd7 32. Qg5+ Kf8 33. h6 f6 34.
Qg7+ Ke8 35. h7 Kd8 36. h8=Q+ Kc7 37. exf6 b4 38. Ne5 Qxd4 39. Qxd7+ Kb6 40.
Qhd8+ 1-0

[Event "Open Marianske Lazne 2015 - C - open"]
[Site "Marianske Lazne CZE"]
[Date "2015.01.23"]
[Round "8.7"]
[White "Dmochowska, Agnieszka"]
[Black "Malinovsky, Petr"]
[Result "1/2-1/2"]
[WhiteElo "1913"]
[BlackElo "2033"]
[PlyCount "68"]
[EventDate "2015.01.17"]
[EventType "swiss"]
[EventRounds "9"]
[EventCountry "CZE"]
[Source "lmi"]
[SourceDate "2015.01.17"]

1. e4 c5 2. c3 Nf6 3. e5 Nd5 4. d4 cxd4 5. Nf3 e6 6. cxd4 d6 7. Bc4 Nb6 8. Bd3
Nc6 9. O-O dxe5 10. dxe5 Nb4 11. Be4 Qxd1 12. Rxd1 Be7 13. Nc3 O-O 14. Bg5 Bxg5
15. Nxg5 h6 16. Nf3 Rb8 17. a3 Na6 18. b4 Bd7 19. Rac1 Rfd8 20. Ne2 Bc6 21.
Bxc6 Rxd1+ 22. Rxd1 bxc6 23. Rc1 Rc8 24. Ned4 c5 25. bxc5 Rxc5 26. Rxc5 Nxc5
27. Nb5 a6 28. Nd6 Nbd7 29. Kf1 Kf8 30. Ke2 Nb6 31. Ke3 Ke7 32. Kd4 Nb3+ 33.
Kc3 Nc5 34. Kd4 Nb3+ 1/2-1/2

[Event "Open Marianske Lazne 2015 - C - open"]
[Site "Marianske Lazne CZE"]
[Date "2015.01.23"]
[Round "8.8"]
[White "Kulas, Szymon"]
[Black "Jennewein, Norbert"]
[Result "1-0"]
[WhiteElo "2015"]
[BlackElo "1851"]
[PlyCount "49"]
[EventDate "2015.01.17"]
[EventType "swiss"]
[EventRounds "9"]
[EventCountry "CZE"]
[Source "lmi"]
[SourceDate "2015.01.17"]

1. e4 d5 2. exd5 Qxd5 3. Nc3 Qa5 4. d4 Nf6 5. Bc4 c6 6. Bd2 e6 7. Nf3 Qc7 8.
Qe2 Be7 9. Ne5 O-O 10. O-O-O a5 11. g4 b5 12. Bd3 b4 13. Ne4 Ba6 14. Nxf6+ Bxf6
15. Bf4 Bxd3 16. Rxd3 Bxe5 17. Bxe5 Qd8 18. Qe4 Qd5 19. Qxd5 cxd5 20. a3 Nc6
21. Bd6 Rfd8 22. Bc5 Rdb8 23. Kd2 Rb5 24. f4 e5 25. a4 1-0

[Event "Open Marianske Lazne 2015 - C - open"]
[Site "Marianske Lazne CZE"]
[Date "2015.01.23"]
[Round "8.9"]
[White "Janiszewski, Maciej"]
[Black "Kucera, Jan"]
[Result "1-0"]
[WhiteElo "1999"]
[BlackElo "1797"]
[PlyCount "35"]
[EventDate "2015.01.17"]
[EventType "swiss"]
[EventRounds "9"]
[EventCountry "CZE"]
[Source "lmi"]
[SourceDate "2015.01.17"]

1. Nf3 g6 2. d4 d5 3. c4 Nf6 4. cxd5 Nxd5 5. e4 Nf6 6. Nc3 Bg4 7. Qa4+ Qd7 8.
Bb5 c6 9. Ne5 Qc8 10. Bc4 Be6 11. d5 b5 12. Nxb5 cxb5 13. Bxb5+ Bd7 14. Bf4 Nh5
15. Rc1 Qb7 16. Nxd7 a6 17. Nf6+ Kd8 18. Qa5+ 1-0

[Event "Open Marianske Lazne 2015 - C - open"]
[Site "Marianske Lazne CZE"]
[Date "2015.01.23"]
[Round "8.10"]
[White "Danko, Jiri"]
[Black "Bublik, Frantisek"]
[Result "1-0"]
[WhiteElo "1993"]
[BlackElo "1783"]
[PlyCount "62"]
[EventDate "2015.01.17"]
[EventType "swiss"]
[EventRounds "9"]
[EventCountry "CZE"]
[Source "lmi"]
[SourceDate "2015.01.17"]

1. e4 e5 2. Nf3 Nc6 3. Bb5 Nf6 4. O-O Nxe4 5. Re1 Nd6 6. Nxe5 Be7 7. Ba4 O-O 8.
d4 Nxe5 9. dxe5 Nf5 10. Bf4 d6 11. Qf3 dxe5 12. Bxe5 Bd6 13. Nc3 Qg5 14. Ne4
Qg6 15. Nxd6 Nxd6 16. Rac1 Bg4 17. Qf4 Rad8 18. f3 Bd7 19. Bb3 Be6 20. c4 Rd7
21. Bc2 Qh6 22. Qxh6 gxh6 23. b3 Nf5 24. Bf6 Nd4 25. Be4 c5 26. Re3 Re8 27.
Rce1 h5 28. h4 a5 29. Bb1 Rc8 30. Re5 Rd6 31. Rg5+ Kf8 1-0

[Event "Open Marianske Lazne 2015 - C - open"]
[Site "Marianske Lazne CZE"]
[Date "2015.01.23"]
[Round "8.12"]
[White "Najart, David"]
[Black "Dolezal, Rudolf"]
[Result "1-0"]
[WhiteElo "2154"]
[BlackElo "1777"]
[PlyCount "67"]
[EventDate "2015.01.17"]
[EventType "swiss"]
[EventRounds "9"]
[EventCountry "CZE"]
[Source "lmi"]
[SourceDate "2015.01.17"]

1. g3 g6 2. Bg2 Bg7 3. c4 c5 4. Nf3 Nf6 5. O-O O-O 6. d4 cxd4 7. Nxd4 Nc6 8.
Nc3 a6 9. c5 e6 10. Nb3 b5 11. cxb6 Qxb6 12. Be3 Qc7 13. Bc5 Re8 14. Bd6 Qd8
15. Rc1 Bf8 16. Bxf8 Kxf8 17. e4 Bb7 18. e5 Ng8 19. Nc5 Bc8 20. N3e4 Kg7 21.
Nd6 Rf8 22. Nxc8 Rxc8 23. Nxd7 Nce7 24. Nxf8 Qxf8 25. Rxc8 Qxc8 26. Qd2 Nh6 27.
Rc1 Qb8 28. Qe2 Nef5 29. Rd1 Qb4 30. a3 Qa4 31. h3 Qb3 32. Qf3 Qxb2 33. g4 Nd4
34. Qf6+ 1-0

[Event "Open Marianske Lazne 2015 - C - open"]
[Site "Marianske Lazne CZE"]
[Date "2015.01.23"]
[Round "8.13"]
[White "Vacha, Jaroslav"]
[Black "Berka, Lubos"]
[Result "1-0"]
[WhiteElo "1947"]
[BlackElo "1724"]
[PlyCount "45"]
[EventDate "2015.01.17"]
[EventType "swiss"]
[EventRounds "9"]
[EventCountry "CZE"]
[Source "lmi"]
[SourceDate "2015.01.17"]

1. e4 c6 2. d4 d5 3. exd5 cxd5 4. f4 e6 5. Bd3 Nc6 6. c3 Nf6 7. Nf3 Ne4 8. O-O
f5 9. Bxe4 fxe4 10. Ne5 Nxe5 11. fxe5 Qe7 12. Qg4 Kd7 13. c4 Kc6 14. Bg5 Qe8
15. Nc3 b6 16. Rac1 Kb7 17. Qd1 Bb4 18. Qb3 Bxc3 19. Rxc3 Qd7 20. c5 Qc7 21.
cxb6 Qxb6 22. Rf7+ Ka6 23. Qa4+ 1-0

[Event "Open Marianske Lazne 2015 - C - open"]
[Site "Marianske Lazne CZE"]
[Date "2015.01.23"]
[Round "8.14"]
[White "Ruzicka, Tomas"]
[Black "Horyna, Josef"]
[Result "0-1"]
[WhiteElo "1764"]
[BlackElo "1866"]
[PlyCount "96"]
[EventDate "2015.01.17"]
[EventType "swiss"]
[EventRounds "9"]
[EventCountry "CZE"]
[Source "lmi"]
[SourceDate "2015.01.17"]

1. e4 e6 2. f4 d5 3. e5 c5 4. Nf3 Nc6 5. c3 Be7 6. Bb5 a6 7. Ba4 b5 8. Bc2 Bb7
9. O-O Nh6 10. Qe1 g6 11. d3 Nf5 12. Nbd2 h5 13. Nb3 c4 14. Nbd4 Ncxd4 15. Nxd4
Bc5 16. Be3 Nxe3 17. Qxe3 Qb6 18. Rad1 O-O-O 19. Kh1 Rd7 20. Rd2 a5 21. a3 h4
22. h3 Rdd8 23. Rfd1 b4 24. axb4 axb4 25. dxc4 dxc4 26. Be4 Bd5 27. Qe2 b3 28.
Bxd5 exd5 29. Qg4+ Kb7 30. Nf3 Qe6 31. Qxe6 fxe6 32. Ng5 Rhe8 33. Re2 Kb6 34.
Kh2 d4 35. cxd4 Rxd4 36. Rxd4 Bxd4 37. Rd2 Be3 38. Rd6+ Kb5 39. Nxe6 Rxe6 40.
Rxe6 Bxf4+ 41. g3 hxg3+ 42. Kg2 c3 43. bxc3 b2 44. Re8 Kc4 45. Rc8+ Kd3 46. e6
b1=Q 47. Rd8+ Kxc3 48. e7 Qe4+ 0-1

[Event "Open Marianske Lazne 2015 - C - open"]
[Site "Marianske Lazne CZE"]
[Date "2015.01.23"]
[Round "8.15"]
[White "Wolaniecki, Patryk"]
[Black "Muecke, Michael"]
[Result "1-0"]
[WhiteElo "1473"]
[BlackElo "1829"]
[PlyCount "55"]
[EventDate "2015.01.17"]
[EventType "swiss"]
[EventRounds "9"]
[EventCountry "CZE"]
[Source "lmi"]
[SourceDate "2015.01.17"]

1. e4 e5 2. Nf3 Nc6 3. d4 exd4 4. Nxd4 Nge7 5. Nc3 Ng6 6. Be3 Be7 7. Bc4 Nxd4
8. Bxd4 Bf6 9. O-O Bxd4 10. Qxd4 O-O 11. f4 d6 12. Rad1 Bg4 13. Rd3 c6 14. Qxd6
Qb6+ 15. Qd4 Qxb2 16. Rb1 Qa3 17. f5 Rad8 18. Nd5 Qa5 19. fxg6 hxg6 20. Qc3
Qc5+ 21. Ne3 Qh5 22. Rxd8 Rxd8 23. Nxg4 Qxg4 24. Rf1 Qg5 25. Bxf7+ Kh7 26. Qh3+
Qh6 27. Bxg6+ Kxg6 28. Qf5# 1-0

[Event "Open Marianske Lazne 2015 - C - open"]
[Site "Marianske Lazne CZE"]
[Date "2015.01.23"]
[Round "8.16"]
[White "Kirs, Pavel"]
[Black "De Graaf, Arnoud"]
[Result "0-1"]
[WhiteElo "1636"]
[BlackElo "1855"]
[PlyCount "66"]
[EventDate "2015.01.17"]
[EventType "swiss"]
[EventRounds "9"]
[EventCountry "CZE"]
[Source "lmi"]
[SourceDate "2015.01.17"]

1. e4 d6 2. d4 Nf6 3. Nc3 g6 4. f4 Bg7 5. Nf3 O-O 6. Bd3 Na6 7. e5 Nd7 8. Ne2
c5 9. c3 cxd4 10. cxd4 dxe5 11. fxe5 Qa5+ 12. Bd2 Qb6 13. b3 Kh8 14. Bc4 h6 15.
Rc1 e6 16. Qc2 Nc7 17. Bd3 Nd5 18. a3 Rg8 19. Nh4 Nf8 20. Rf1 Qd8 21. g3 Qe8
22. Nf4 g5 23. Nxd5 exd5 24. Nf5 Bxf5 25. Rxf5 Ne6 26. Be3 Qe7 27. b4 Rad8 28.
Qd2 f6 29. Qf2 Rgf8 30. h4 fxe5 31. hxg5 exd4 32. Bd2 Nf4+ 33. Be2 Nd3+ 0-1

[Event "Open Marianske Lazne 2015 - C - open"]
[Site "Marianske Lazne CZE"]
[Date "2015.01.23"]
[Round "8.17"]
[White "Ornet, Tomas"]
[Black "Dwilewicz, Agata"]
[Result "0-1"]
[WhiteElo "1686"]
[BlackElo "1535"]
[PlyCount "58"]
[EventDate "2015.01.17"]
[EventType "swiss"]
[EventRounds "9"]
[EventCountry "CZE"]
[Source "lmi"]
[SourceDate "2015.01.17"]

1. e4 c5 2. Bc4 e6 3. d3 Nc6 4. Nf3 d5 5. exd5 exd5 6. Qe2+ Be7 7. Bb3 Nf6 8.
O-O O-O 9. h3 b6 10. Bf4 Bb7 11. Nc3 Rc8 12. Rfe1 h6 13. a3 Re8 14. Qd2 Na5 15.
Ba4 Bc6 16. Bxc6 Nxc6 17. Re2 Qd7 18. Rae1 Nd4 19. Nxd4 cxd4 20. Nb1 Bc5 21.
Be5 Nh7 22. b4 Be7 23. Bxd4 Ng5 24. Be3 Ne6 25. Bf4 Nd4 26. Rxe7 Rxe7 27. c3
Rxe1+ 28. Qxe1 Re8 29. Qd1 Ne2+ 0-1

[Event "Open Marianske Lazne 2015 - C - open"]
[Site "Marianske Lazne CZE"]
[Date "2015.01.23"]
[Round "8.18"]
[White "Froehlich, Manuel"]
[Black "Siya, Sagar"]
[Result "1-0"]
[WhiteElo "1689"]
[BlackElo "1164"]
[PlyCount "61"]
[EventDate "2015.01.17"]
[EventType "swiss"]
[EventRounds "9"]
[EventCountry "CZE"]
[Source "lmi"]
[SourceDate "2015.01.17"]

1. d4 Nf6 2. c4 g6 3. Nc3 Bg7 4. e4 d6 5. Nf3 O-O 6. h3 Na6 7. Be3 c5 8. d5 Nc7
9. Bd3 a6 10. O-O Rb8 11. a4 b6 12. Qd2 Bd7 13. Bh6 b5 14. axb5 axb5 15. Bxg7
Kxg7 16. e5 dxe5 17. Nxe5 b4 18. Ne4 Nxe4 19. Bxe4 f6 20. Nxd7 Qxd7 21. Ra7 Qd6
22. f4 Ra8 23. Rfa1 Qb6 24. Rxa8 Rxa8 25. Rxa8 Nxa8 26. d6 Qd8 27. Bxa8 Qxa8
28. dxe7 h6 29. Qd7 Qa1+ 30. Kh2 Qa8 31. e8=Q# 1-0

[Event "Open Marianske Lazne 2015 - C - open"]
[Site "Marianske Lazne CZE"]
[Date "2015.01.24"]
[Round "9.1"]
[White "Ivanov, Mikhail M"]
[Black "Kolbus, Dietmar"]
[Result "1/2-1/2"]
[WhiteElo "2394"]
[BlackElo "2319"]
[PlyCount "21"]
[EventDate "2015.01.17"]
[EventType "swiss"]
[EventRounds "9"]
[EventCountry "CZE"]
[Source "lmi"]
[SourceDate "2015.01.17"]

1. d4 Nf6 2. c4 g6 3. g3 Bg7 4. Bg2 d5 5. cxd5 Nxd5 6. e4 Nb6 7. Ne2 e5 8. d5
c6 9. Nbc3 O-O 10. O-O Re8 11. Qb3 1/2-1/2

[Event "Open Marianske Lazne 2015 - C - open"]
[Site "Marianske Lazne CZE"]
[Date "2015.01.24"]
[Round "9.2"]
[White "Bretsnajdr, Vladimir"]
[Black "Shevchenko, Kirill"]
[Result "1/2-1/2"]
[WhiteElo "2288"]
[BlackElo "2247"]
[PlyCount "81"]
[EventDate "2015.01.17"]
[EventType "swiss"]
[EventRounds "9"]
[EventCountry "CZE"]
[Source "lmi"]
[SourceDate "2015.01.17"]

1. Nf3 Nf6 2. g3 g6 3. Bg2 Bg7 4. O-O O-O 5. c4 d6 6. d4 c6 7. Nc3 Bf5 8. Nh4
Be6 9. Qd3 d5 10. b3 Na6 11. cxd5 Nxd5 12. Nxd5 Bxd5 13. e4 Be6 14. Be3 c5 15.
Rad1 cxd4 16. Bxd4 Bxd4 17. Qxd4 Qxd4 18. Rxd4 Rfd8 19. Nf3 Bg4 20. Rc1 Rxd4
21. Nxd4 Rd8 22. Nb5 Rd2 23. Nxa7 Rxa2 24. Nc8 Kf8 25. e5 Nc5 26. h3 Nd3 27.
Rc3 Bf5 28. f4 b5 29. Bf1 Ne1 30. Bxb5 Bxh3 31. Nb6 Bg2 32. Bc6 Bxc6 33. Rxc6
Nf3+ 34. Kf1 Nd2+ 35. Ke2 Nxb3+ 36. Ke3 Rg2 37. Rc8+ Kg7 38. Kf3 Rd2 39. Ke3
Rd1 40. Rc4 Nd2 41. Rc7 1/2-1/2

[Event "Open Marianske Lazne 2015 - C - open"]
[Site "Marianske Lazne CZE"]
[Date "2015.01.24"]
[Round "9.3"]
[White "Kolovratnik, Milos"]
[Black "Stigar, Petter"]
[Result "1/2-1/2"]
[WhiteElo "2087"]
[BlackElo "2213"]
[PlyCount "50"]
[EventDate "2015.01.17"]
[EventType "swiss"]
[EventRounds "9"]
[EventCountry "CZE"]
[Source "lmi"]
[SourceDate "2015.01.17"]

1. d4 Nf6 2. Nf3 d5 3. g3 e6 4. Bg2 Be7 5. O-O O-O 6. Ne5 c5 7. e3 Nc6 8. c4
cxd4 9. exd4 dxc4 10. Nxc6 bxc6 11. Bxc6 Rb8 12. Nc3 Bb7 13. Bb5 Qb6 14. Qe2
Rbc8 15. Be3 Nd5 16. Ba4 Nxc3 17. bxc3 Qa5 18. Rab1 Be4 19. Bc2 Ba8 20. Qd2 Qh5
21. Bd1 Qg6 22. Be2 Bd5 23. Bf4 Qf5 24. g4 Qg6 25. Qe3 Rfd8 1/2-1/2

[Event "Open Marianske Lazne 2015 - C - open"]
[Site "Marianske Lazne CZE"]
[Date "2015.01.24"]
[Round "9.4"]
[White "Gergel, Vladimir"]
[Black "Bashirli, Nail"]
[Result "0-1"]
[WhiteElo "2232"]
[BlackElo "1963"]
[PlyCount "74"]
[EventDate "2015.01.17"]
[EventType "swiss"]
[EventRounds "9"]
[EventCountry "CZE"]
[Source "lmi"]
[SourceDate "2015.01.17"]

1. e4 c5 2. Nf3 d6 3. d4 cxd4 4. Nxd4 Nf6 5. Nc3 a6 6. Qd3 g6 7. Bg5 Bg7 8.
O-O-O Nbd7 9. Be2 O-O 10. h4 h5 11. Kb1 b5 12. Nc6 Qe8 13. Nd5 Nxd5 14. exd5 f6
15. Be3 Ne5 16. Nxe5 fxe5 17. Bf3 Bf5 18. Be4 Rc8 19. f3 Qd7 20. g4 hxg4 21. h5
gxf3 22. hxg6 Bxe4 23. Qxe4 Rc4 24. Qd3 Qf5 25. Qd2 Rg4 26. Qa5 Rg2 27. Rc1 Rc8
28. Bd2 e4 29. Be3 Qe5 30. c3 Qxd5 31. Rcd1 Qc6 32. Rhg1 Rxg1 33. Rxg1 Rf8 34.
Qb4 Qd5 35. Qb3 Qxb3 36. axb3 f2 37. Rf1 Rf3 0-1

[Event "Open Marianske Lazne 2015 - C - open"]
[Site "Marianske Lazne CZE"]
[Date "2015.01.24"]
[Round "9.5"]
[White "Wozniak, Mariola"]
[Black "Volodin, Viktor"]
[Result "1-0"]
[WhiteElo "1983"]
[BlackElo "2186"]
[PlyCount "127"]
[EventDate "2015.01.17"]
[EventType "swiss"]
[EventRounds "9"]
[EventCountry "CZE"]
[Source "lmi"]
[SourceDate "2015.01.17"]

1. e4 c5 2. Nf3 Nc6 3. d4 cxd4 4. Nxd4 Nf6 5. Nc3 e5 6. Ndb5 d6 7. Bg5 a6 8.
Na3 b5 9. Nd5 Be7 10. Bxf6 Bxf6 11. c4 b4 12. Nc2 a5 13. g3 Bg5 14. h4 Bh6 15.
Bh3 O-O 16. Kf1 Ne7 17. Kg2 Nxd5 18. Qxd5 Qc7 19. Bxc8 Raxc8 20. b3 Kh8 21.
Rhd1 Rcd8 22. a3 a4 23. Nxb4 axb3 24. Rab1 Rc8 25. Rxb3 Qxc4 26. Qxc4 Rxc4 27.
f3 Bc1 28. Nd3 Rc2+ 29. Kf1 Rfc8 30. Nxc1 Rxc1 31. Rxc1 Rxc1+ 32. Ke2 g6 33.
Rd3 Ra1 34. Kd2 Ra2+ 35. Kc1 f5 36. Kb1 Re2 37. exf5 gxf5 38. a4 e4 39. fxe4
fxe4 40. Rxd6 Re3 41. Kb2 Rxg3 42. a5 e3 43. Re6 Rg2+ 44. Kb3 e2 45. Kc3 Kg7
46. Kd2 e1=Q+ 47. Kxe1 Ra2 48. Re5 Kf6 49. Rb5 h5 50. Rxh5 Ra4 51. Kd2 Kg6 52.
Rd5 Rxh4 53. Kc3 Kf6 54. Rd4 Rh1 55. Re4 Kf5 56. Re8 Rh4 57. Kb3 Rh1 58. Kb4
Ra1 59. Kc5 Rc1+ 60. Kb6 Rb1+ 61. Ka7 Kf6 62. a6 Kf7 63. Rb8 Rc1 64. Kb7 1-0

[Event "Open Marianske Lazne 2015 - C - open"]
[Site "Marianske Lazne CZE"]
[Date "2015.01.24"]
[Round "9.6"]
[White "Nowak, Kamil"]
[Black "Bartos, Jan"]
[Result "1/2-1/2"]
[WhiteElo "1892"]
[BlackElo "2159"]
[PlyCount "36"]
[EventDate "2015.01.17"]
[EventType "swiss"]
[EventRounds "9"]
[EventCountry "CZE"]
[Source "lmi"]
[SourceDate "2015.01.17"]

1. e4 e5 2. Nf3 Nc6 3. Bb5 Nge7 4. Nc3 g6 5. d4 exd4 6. Nd5 Bg7 7. Bg5 h6 8.
Bf6 Bxf6 9. Nxf6+ Kf8 10. O-O a6 11. Bc4 Kg7 12. Nd5 d6 13. Nxd4 Ne5 14. Be2
Nxd5 15. exd5 Nd7 16. Bf3 Ne5 17. Be2 Nd7 18. Bf3 Ne5 1/2-1/2

[Event "Open Marianske Lazne 2015 - C - open"]
[Site "Marianske Lazne CZE"]
[Date "2015.01.24"]
[Round "9.7"]
[White "Kulas, Szymon"]
[Black "Strebkovs, Andrejs"]
[Result "1-0"]
[WhiteElo "2015"]
[BlackElo "2335"]
[PlyCount "73"]
[EventDate "2015.01.17"]
[EventType "swiss"]
[EventRounds "9"]
[EventCountry "CZE"]
[Source "lmi"]
[SourceDate "2015.01.17"]

1. e4 g6 2. d4 d6 3. Nc3 c6 4. h3 e5 5. Nf3 Bg7 6. Be3 Nd7 7. a4 Ngf6 8. Bc4
O-O 9. dxe5 dxe5 10. O-O Qe7 11. Nd2 Nh5 12. Nb3 Nf4 13. Qf3 Kh8 14. Rfe1 Ne6
15. Rad1 f5 16. Bxe6 Qxe6 17. Nc5 Qe7 18. Nxd7 Bxd7 19. Bc5 Qxc5 20. Rxd7 fxe4
21. Qe3 Qb4 22. Nxe4 Rad8 23. Red1 Rxd7 24. Rxd7 Qxa4 25. Ng5 Qa1+ 26. Kh2 Qxb2
27. Ne6 Rg8 28. c3 Qb6 29. Rxg7 Qxe3 30. Rxg8+ Kxg8 31. fxe3 Kf7 32. Nd8+ Kf6
33. Nxb7 Kf5 34. Nc5 e4 35. Kg3 Ke5 36. c4 a5 37. Kf2 1-0

[Event "Open Marianske Lazne 2015 - C - open"]
[Site "Marianske Lazne CZE"]
[Date "2015.01.24"]
[Round "9.8"]
[White "Vacha, Jaroslav"]
[Black "Lukasiewicz, Anna"]
[Result "0-1"]
[WhiteElo "1947"]
[BlackElo "2102"]
[PlyCount "42"]
[EventDate "2015.01.17"]
[EventType "swiss"]
[EventRounds "9"]
[EventCountry "CZE"]
[Source "lmi"]
[SourceDate "2015.01.17"]

1. e4 c5 2. Nf3 Nc6 3. d4 cxd4 4. Nxd4 g6 5. Nc3 Bg7 6. Be3 Nf6 7. Nb3 O-O 8.
f3 d6 9. Qd2 Be6 10. Nd5 Bxd5 11. exd5 Ne5 12. O-O-O Qc7 13. Bh6 Rfc8 14. Bxg7
Kxg7 15. c3 a5 16. f4 Nc4 17. Bxc4 Qxc4 18. Qd4 a4 19. Qxc4 Rxc4 20. Rd4 axb3
21. Rxc4 bxa2 0-1

[Event "Open Marianske Lazne 2015 - C - open"]
[Site "Marianske Lazne CZE"]
[Date "2015.01.24"]
[Round "9.9"]
[White "German, Nikita"]
[Black "Moncayo Romero, Evelyn"]
[Result "1-0"]
[WhiteElo "1935"]
[BlackElo "2101"]
[PlyCount "107"]
[EventDate "2015.01.17"]
[EventType "swiss"]
[EventRounds "9"]
[EventCountry "CZE"]
[Source "lmi"]
[SourceDate "2015.01.17"]

1. e4 c5 2. Nf3 d6 3. d4 cxd4 4. Nxd4 Nf6 5. Nc3 a6 6. Be2 e5 7. Nb3 Be7 8. O-O
Be6 9. Bf3 O-O 10. a4 Nbd7 11. a5 Qc7 12. Re1 Rac8 13. Be3 Rfe8 14. h3 Bf8 15.
Re2 Qb8 16. Na4 Rc6 17. Nc1 Rec8 18. c3 Be7 19. Na2 Bd8 20. Nb4 Bxa5 21. Nxc6
bxc6 22. b4 Bc7 23. Re1 a5 24. bxa5 Bxa5 25. Rb1 Qc7 26. Qc2 d5 27. Red1 g6 28.
Rb2 dxe4 29. Bxe4 Nd5 30. Bd2 f5 31. Bd3 e4 32. Bf1 Qe5 33. c4 Bc7 34. g3 e3
35. f4 Nxf4 36. gxf4 Qxf4 37. Bc3 Ra8 38. Ra2 Ne5 39. Bxe5 Qxe5 40. Qg2 Ra6 41.
Nc3 Rxa2 42. Nxa2 f4 43. Be2 f3 44. Bxf3 Bxc4 45. Nc1 Kg7 46. Ne2 c5 47. h4 Be6
48. h5 c4 49. Bd5 Bg4 50. hxg6 hxg6 51. Bxc4 Qh5 52. Rd5 Qh4 53. Rd1 Bg3 54.
Nxg3 1-0

[Event "Open Marianske Lazne 2015 - C - open"]
[Site "Marianske Lazne CZE"]
[Date "2015.01.24"]
[Round "9.10"]
[White "Polak, Jiri"]
[Black "Lukasiewicz, Krzysztof"]
[Result "0-1"]
[WhiteElo "1893"]
[BlackElo "2051"]
[PlyCount "62"]
[EventDate "2015.01.17"]
[EventType "swiss"]
[EventRounds "9"]
[EventCountry "CZE"]
[Source "lmi"]
[SourceDate "2015.01.17"]

1. e4 e5 2. Nf3 Nc6 3. Bb5 Nge7 4. O-O g6 5. c3 a6 6. Ba4 Bg7 7. d3 h6 8. Re1
O-O 9. Nbd2 d6 10. Nf1 f5 11. d4 f4 12. d5 Nb8 13. c4 Nd7 14. b4 Nf6 15. c5 g5
16. cxd6 cxd6 17. b5 axb5 18. Bxb5 Ng6 19. a4 Rf7 20. N3d2 g4 21. Nc4 Nh5 22.
Ba3 Bf8 23. Bb4 Qh4 24. Bxd6 g3 25. fxg3 fxg3 26. h3 Bxh3 27. gxh3 Nhf4 28. Bd7
Rxd7 29. Ra2 Nxh3+ 30. Kg2 Bxd6 31. Re3 Ngf4+ 0-1

[Event "Open Marianske Lazne 2015 - C - open"]
[Site "Marianske Lazne CZE"]
[Date "2015.01.24"]
[Round "9.11"]
[White "Heydarli, Kanan"]
[Black "Wolaniecki, Patryk"]
[Result "1/2-1/2"]
[WhiteElo "2273"]
[BlackElo "1473"]
[PlyCount "136"]
[EventDate "2015.01.17"]
[EventType "swiss"]
[EventRounds "9"]
[EventCountry "CZE"]
[Source "lmi"]
[SourceDate "2015.01.17"]

1. d4 Nf6 2. c4 e6 3. a3 c5 4. dxc5 Bxc5 5. Nf3 O-O 6. Nc3 Nc6 7. e3 d5 8. cxd5
Nxd5 9. Nxd5 Qxd5 10. Qxd5 exd5 11. b4 Bb6 12. Bb2 Re8 13. Rd1 Be6 14. Be2 Rad8
15. O-O Bg4 16. h3 Bh5 17. Nd4 Bxd4 18. Bxh5 Bxb2 19. Rd3 Ne5 20. Rb3 Nc4 21.
a4 d4 22. Be2 Nd2 23. Rxb2 Nxf1 24. Kxf1 dxe3 25. fxe3 Rxe3 26. Bf3 b6 27. a5
Ra3 28. axb6 axb6 29. b5 g6 30. Bc6 Rc3 31. Ra2 Rc8 32. Ra6 R8xc6 33. bxc6 Rxc6
34. Kf2 Kg7 35. Kf3 Rc3+ 36. Kf4 b5 37. Rb6 Rb3 38. h4 h5 39. Rb7 Rb1 40. Rb6
b4 41. Kg3 b3 42. Kh2 b2 43. Kg3 Kf8 44. Rb7 f6 45. Kh2 g5 46. hxg5 fxg5 47. g3
h4 48. gxh4 gxh4 49. Kg2 h3+ 50. Kh2 Ke8 51. Rb3 Kd7 52. Rb4 Ke6 53. Rb3 Kd5
54. Rb8 Kd6 55. Rb7 Kd5 56. Rb3 Kc5 57. Rb8 Kc4 58. Rb7 Kc3 59. Rc7+ Kd2 60.
Rb7 Ke2 61. Rb8 Kf3 62. Rb7 Ke4 63. Rb8 Kd5 64. Rb7 Ke5 65. Rb8 Kd6 66. Rb3 Kc7
67. Rb4 Kc6 68. Rb3 Kc5 1/2-1/2

[Event "Open Marianske Lazne 2015 - C - open"]
[Site "Marianske Lazne CZE"]
[Date "2015.01.24"]
[Round "9.12"]
[White "Anjali, Sagar"]
[Black "Mc Aleenan, Charles"]
[Result "1-0"]
[WhiteElo "1873"]
[BlackElo "1795"]
[PlyCount "91"]
[EventDate "2015.01.17"]
[EventType "swiss"]
[EventRounds "9"]
[EventCountry "CZE"]
[Source "lmi"]
[SourceDate "2015.01.17"]

1. e4 d6 2. d4 Nf6 3. Nc3 e5 4. Nf3 Nbd7 5. Bd3 Be7 6. h3 c6 7. Be3 Qc7 8. g4
h6 9. Qd2 b5 10. Ne2 a6 11. Ng3 Nb6 12. dxe5 dxe5 13. Bxb6 Qxb6 14. Nxe5 c5 15.
c4 Bd6 16. Nf3 Bxg3 17. fxg3 Be6 18. e5 Nd7 19. Rd1 Qb7 20. O-O bxc4 21. Bf5
O-O-O 22. Qd6 Rhe8 23. Nd2 Qb6 24. Ne4 g6 25. Qxb6 Nxb6 26. Bxe6+ Rxe6 27. Nd6+
Kc7 28. Nxf7 Rxd1 29. Rxd1 Re7 30. Nxh6 Rxe5 31. Kf2 Na4 32. Rd2 c3 33. bxc3
Nxc3 34. Rc2 Na4 35. Nf7 Rd5 36. h4 Kd7 37. Ng5 Rd4 38. Nf3 Re4 39. g5 Kc6 40.
Nd2 Re5 41. g4 Nb6 42. Nf3 Re4 43. h5 Kd7 44. Rxc5 Kd6 45. Ra5 gxh5 46. gxh5
1-0

[Event "Open Marianske Lazne 2015 - C - open"]
[Site "Marianske Lazne CZE"]
[Date "2015.01.24"]
[Round "9.13"]
[White "Bebel, Agnieszka"]
[Black "Kuhn, Morten"]
[Result "1/2-1/2"]
[WhiteElo "1627"]
[BlackElo "1862"]
[PlyCount "82"]
[EventDate "2015.01.17"]
[EventType "swiss"]
[EventRounds "9"]
[EventCountry "CZE"]
[Source "lmi"]
[SourceDate "2015.01.17"]

1. e4 d5 2. exd5 Qxd5 3. Nc3 Qd6 4. d4 Nf6 5. Nf3 c6 6. g3 Bg4 7. Bg2 Na6 8.
O-O h5 9. h3 h4 10. Bf4 Bxf3 11. Bxf3 Qb4 12. Qd3 hxg3 13. Bxg3 Rxh3 14. Kg2
Rh6 15. Rh1 Rxh1 16. Rxh1 e6 17. Bxc6+ bxc6 18. Qxa6 Qb6 19. Qa4 O-O-O 20. Rh8
Be7 21. Rxd8+ Kxd8 22. b3 Nh5 23. Be5 f6 24. Bh2 g5 25. Qc4 Kd7 26. Ne2 Ng7 27.
Qd3 Nf5 28. c4 Qa5 29. Nc3 Nh4+ 30. Kf1 Qf5 31. Qxf5 Nxf5 32. d5 cxd5 33. cxd5
e5 34. f3 Nd4 35. Kg2 a6 36. Bg1 Nb5 37. Ne4 Nc7 38. d6 Bxd6 39. Nxf6+ Ke6 40.
Ne4 Be7 41. Be3 Kf5 1/2-1/2